Marxismo y estado / (Record no. 70396)

MARC details
000 -LEADER
campo de control de longitud fija 00712nam a2200229 i 4500
001 - NÚMERO DE CONTROL
campo de control 70396
003 - IDENTIFICADOR DE NÚMERO DE CONTROL
campo de control ES-MaACL
007 - CAMPO FIJO DE DESCRIPCIÓN FÍSICA--INFORMACIÓN GENERAL
campo de control de longitud fija t|
008 - DATOS DE LONGITUD FIJA--INFORMACIÓN GENERAL
campo de control de longitud fija 040722s1986 sp ||||1| spa d
020 ## - NÚMERO INTERNACIONAL ESTÁNDAR DEL LIBRO
Número Internacional Estándar del Libro 84-259-0738-1
100 1# - ENTRADA PRINCIPAL--NOMBRE DE PERSONA
Nombre de persona García Santesmases, Antonio.
9 (RLIN) 55271
245 10 - MENCIÓN DEL TÍTULO
Título Marxismo y estado /
Mención de responsabilidad, etc. Antonio García Santesmases ; prólogo de Ignacio Sotelo.
260 ## - PUBLICACIÓN, DISTRIBUCIÓN, ETC.
Lugar de publicación, distribución, etc. Madrid :
Nombre del editor, distribuidor, etc. Centro de Estudios Constitucionales,
Fecha de publicación, distribución, etc. 1986.
300 ## - DESCRIPCIÓN FÍSICA
Extensión 308 p. ;
Dimensiones 21 cm.
490 1# - MENCIÓN DE SERIE
Mención de serie Estudios políticos ;
Designación de volumen o secuencia 22
500 ## - NOTA GENERAL
Nota general Indice.
504 ## - NOTA DE BIBLIOGRAFÍA, ETC.
Nota de bibliografía, etc. Bibliografía.
700 1# - ENTRADA AGREGADA--NOMBRE PERSONAL
Nombre de persona Sotelo, Ignacio.
9 (RLIN) 107458
830 0# - PUNTO DE ACCESO ADICIONAL DE SERIE-TÍTULO UNIFORME
Título uniforme Estudios políticos ;
Designación de volumen o secuencia 22
9 (RLIN) 180572
852 ## - LOCALIZACIÓN
Ubicación ES-MaACL
Número de control de estantería G-1650
Sublocalización o colección R.114662
Holdings
Estatus retirado Estado de pérdida Estado de daño No para préstamo Biblioteca de origen Biblioteca actual Ubicación en estantería Fecha de adquisición Fuente de adquisición Total de préstamos Signatura topográfica completa Código de barras Visto por última vez Precio de reemplazo Tipo de ítem Koha
        Biblioteca del Ateneo de Madrid Biblioteca del Ateneo de Madrid Depósito 2 17/01/2008     G-1650 1073715 23/02/2023 23/02/2023 Libro impreso